| 000 | 01393cam a22003491 4500 | ||
|---|---|---|---|
| 001 | gs 42000013 | ||
| 003 | DLC | ||
| 005 | 20260227111347.0 | ||
| 008 | 780228s1941 msuabc b 000 0 eng c | ||
| 010 | _ags 42000013 | ||
| 035 | _a(OCoLC)3677746 | ||
| 040 |
_aU.S. Geol. survey. Library _cOT _dOCoLC _dDLC |
||
| 042 | _apremarc | ||
| 050 | 0 | 0 |
_aQE129 _b.A2 no. 44 |
| 051 |
_aTN24.M7 _bA5 1941 _c2nd set |
||
| 082 | _a553.09762 | ||
| 110 | 2 | _aMississippi Geological, Economic, and Topographical Survey. | |
| 245 | 1 | 0 |
_aForrest County mineral resources: _bGeology, _cby Vellora Meek Foster; Tests, by Thomas Edwin McCutcheon. |
| 260 |
_bUniversity, _c1941. |
||
| 300 |
_a87 p. _billus., port., fold map, tables. _c23 cm. |
||
| 490 | 1 |
_aIts Bulletin _v44 |
|
| 500 | _aAt head of title: Mississippi. State Geological Survey. | ||
| 500 | _a"Prepared in cooperation with the Forrest citizens and the WPA as a report on O.P. 465-62-3-275." | ||
| 500 | _a"Vellora Meek Foster, 1904-1941": p. [7] | ||
| 504 | _aBibliography: p. 59. | ||
| 650 | 0 |
_aMines and mineral resources _zMississippi _zForrest County. |
|
| 650 | 0 |
_aGeology _zMississippi _zForrest County. |
|
| 650 | 0 |
_aClay _zMississippi _zForrest County. |
|
| 700 | 1 |
_aFoster, Vellora Meek, _d1904-1941. |
|
| 700 | 1 | _aMcCutcheon, Thomas Edwin. | |
| 810 | 2 |
_aMississippi Geological, Economic, and Topographical Survey. _tBulletin _v44. |
|
| 999 |
_c27761 _d27761 |
||